[Božena Thurzová so synmi]

Zobrazenie: Božena Thurzová, rod. Hodžová so synmi Igorom a Ivanom asi v roku 1890.

Bibliographic Details
Other Authors: Gutkaiss, Jozef, 1834-1913 (Photographer)
Format: Photo
Language:Hungarian
PhysicalDescription:1 fotografia čb 18 x 13 cm
Published: [S.l. s.n.] [1890]
Subjects:

MARC

LEADER 00000nkmaa2200000 a 4500
001 vtls012012928
003 SK-MaSNL
005 20260331212450.0
007 kh bo
008 230802q1890 xo | ||00 k|hun
035 |a urn:nbn:sk:snk-km00fbs6 
035 |a urn:nbn:sk:snk-km45sb5 
035 |a 8324BDA0-C15A-4F70-A3E7-7775BD21C17F 
040 |a SNKLA  |b slo  |c SNKLA  |e AACR2 
041 0 |a hun 
044 |a xo  |c SK 
100 1 |a Gutkaiss, Jozef,  |d 1834-1913  |4 pht  |9 188494 
245 1 0 |a [Božena Thurzová so synmi]  |h grafika 
260 |a [S.l.  |b s.n.]  |c [1890] 
300 |a 1 fotografia  |b čb  |c 18 x 13 cm 
520 2 |a Zobrazenie: Božena Thurzová, rod. Hodžová so synmi Igorom a Ivanom asi v roku 1890. 
600 1 7 |a Thurzová, Božena,  |d 1858 - 1907  |2 SNKLA  |9 754332 
600 1 7 |a Thurzo, Ivan,  |d 1882-1964  |2 SNKMA  |9 23105 
600 1 7 |a Thurzo, Igor,  |d 1884-1926  |2 SNKMA  |9 165600 
655 7 |a fotografie  |2 SNKPH  |9 70713 
852 7 |a Slovenská národná knižnica  |b Literárny archív 
958 |a ZO 
958 |a BLA 
999 |c 1189134  |d 1191064 
952 |a SNKLA  |b SNKLA  |c SNKLA_DEP  |y NEVYP  |7 0  |p 17A1311867  |o snkST 19/60  |0 0  |1 0  |4 0  |d 2021-02-03  |f 1  |l 0  |r 2026-02-24 22:06:37  |w 2026-02-24